00437nam a22001457a 450000500170000000800410001702000150005804100130007308200140008610000240010024500720012426000350019630000340023165000260026520231101100857.0231101b |||||||| |||| 00| 0 eng d a0702156043 aEnglish  a346.7 GER aGering, L lEnglish aCommentary on the Bills of Exchange Amendment Act 2000 / cL Gering aCape Town : bJUTA Law, c2001 bxiii, 130 pages ; c25, 5 cm. aLegal practice bLaw